000 00414nam a22001697a 4500
005 20180613154418.0
008 160511b xxu||||| |||| 00| 0 eng d
020 _a81-259-1612-1
041 _aeng
082 _b1307
_a657.046
100 _aMaheshwari S.N.
_94360
245 _aAdvanced Accounting
260 _bVikas Publishing house Pvt. Ltd.
_c1985
300 _a1003
650 _aManagement
_9241
942 _cBK
999 _c570
_d570